00807nam a22002057a 4500999001900000005001700019010001300036020002600049035001200075037001300087082000800100100002400108245010100132246006700233260005300300270005900353300002600412942003000438952013300468 c197399d19739920230822165917.0 aUR-12162 a9789391238711c350.00 aU-10717 bDBAD/PUB a841 dارشد اقبال aپرو فسر ضیاء الر حمان صد یقی کے ادبی متون /cارشد اقبال aProf. Zia ur Rehman Siddiqui ke adabi matoon/bby Arshad Iqbal aNew DelhibEducational Publishing Housec2021 ء aH.O. D1/16, Ansari Road, Darya GanjbNew Delhie110002 a304 صc22cm(Hb)  2ddccURmا ر شe h841 001040708NFICaMPbMPd2023-08-22eDBAD/PUBg350.00l0o841 ا ر شpU-10717r2023-08-22 00:00:00t1v350.00w2023-08-22yUR